| 000 | 00968cad a22002055a 4500 | ||
|---|---|---|---|
| 001 | L152173 | ||
| 008 | 110207s2011 xxk 000 0 eng d | ||
| 035 | _a(Sirsi) u152173 | ||
| 041 | 0 | _aeng | |
| 110 | 2 |
_aUnited Kingdom _bDepartment for Communities and Local Government _94939 |
|
| 245 | 0 | 0 |
_aLocalism Bill impact assessments _h[electronic resource] |
| 260 |
_aLondon _bDCLG _c2011 |
||
| 520 | _aImpact assessments report on the potential effects of implementing the decentralisation and localism elements of the Coalition Agreement. The impact assessments include; local referendums, community right to buy and major infrastructure projects. | ||
| 590 | _aKA NTK | ||
| 650 | 2 | 4 | _aDECENTRALISATION AND LOCALISM BILL |
| 651 | 4 |
_aEngland and Wales _y1543- |
|
| 690 |
_aPlanning and development _96259 |
||
| 856 | 4 | 0 |
_uhttps://www.communities.gov.uk/localgovernment/decentralisation/localismbill/ _zView the item free of charge at www.communities.gov.uk |
| 942 | _n0 | ||
| 999 |
_c111906 _d111906 |
||